Central Library OPAC University of Rajshahi

চট্টগ্রামের সমাজ ও সংস্কৃতির রূপরেখা / (Record no. 84586)

MARC details
000 -LEADER
fixed length control field 00908nam a2200217 a 4500
001 - CONTROL NUMBER
control field 84586
003 - CONTROL NUMBER IDENTIFIER
rucl marc code BD-RjUL
005 - DATE AND TIME OF LATEST TRANSACTION
control field 20250109154946.0
008 - FIXED-LENGTH DATA ELEMENTS--GENERAL INFORMATION
fixed length control field 250109s1968 bg ||||| |||| 00| 0 ben d
035 ## - SYSTEM CONTROL NUMBER
System control number (BD-RjUL)84586
040 ## - CATALOGING SOURCE
Original cataloging agency BD-RjUL
Language of cataloging eng
Transcribing agency BD-RjUL
041 ## - LANGUAGE CODE
Language code of text/sound track or separate title ben
082 ## - DEWEY DECIMAL CLASSIFICATION NUMBER
Edition number 23
Classification number 306.0954923
Author mark and year CHC 1988
100 ## - MAIN ENTRY--PERSONAL NAME
Personal name চৌধুরী, আবদুল হক
9 (RLIN) 14775
245 ## - TITLE STATEMENT
Title চট্টগ্রামের সমাজ ও সংস্কৃতির রূপরেখা /
Statement of responsibility, etc. আবদুল হক চৌধুরী
260 ## - PUBLICATION, DISTRIBUTION, ETC. (IMPRINT)
Place of publication, distribution, etc. ঢাকা :
Name of publisher, distributor, etc. বাংলা একাডেমী,
Date of publication, distribution, etc. ১৯৮৮
300 ## - PHYSICAL DESCRIPTION
Pagination ৬৭৬ পৃ.;
Size ২১ সেমি.
650 ## - SUBJECT ADDED ENTRY--TOPICAL TERM
Topical term or geographic name as entry element সংস্কৃতি এবং সামাজিক নৃবিজ্ঞান
Geographic subdivision চট্টগ্রাম
9 (RLIN) 14776
Topical term or geographic name as entry element Culture and social anthropology
Geographic subdivision Chittagong
9 (RLIN) 14777
942 ## - ADDED ENTRY ELEMENTS (KOHA)
Source of classification or shelving scheme Dewey Decimal Classification
Koha item type Books
Holdings
Lost status Source of classification or shelving scheme Damaged status Not for loan Collection code Permanent Location Current Location Shelving location Date acquired Total Checkouts Full call number Date last seen Copy number Koha item type
  Dewey Decimal Classification   Not For Loan Non-fiction Central Library, University of Rajshahi Central Library, University of Rajshahi Reading Room 09/01/2025   B 306.0954923 CHC 1988 09/01/2025 C-1 Books